El hombre de los pies - murciélago /

Desde chico Esper había aprendido a no hacerse notar. Muchas veces le había confesado al hombre de los pies-murciélago que él era un camaleón. Sobre todo en la escuela. Sin embargo, lo veían. Porque querían verlo. Lo buscaban. Una...

Descripción completa

Guardado en:
Autor Principal: Siemens, Sandra, 2009.
Formato: Libro
Idioma:Undetermined
Publicado: Buenos Aires : Norma, 2009.
Edición:1era ed.
Series:Zona Libre
Materias:
Etiquetas: Agregar Etiqueta
Sin Etiquetas, Sea el primero en etiquetar este registro!
LEADER 00982nam a22002175a 4500
001 CEM.cems025168
008 260507s2009####ag############000#0#und#d
005 20260507124307.0
245 1 0 |a El hombre de los pies - murciélago /  |c Sandra Siemens. 
250 |a 1era ed. 
260 |a Buenos Aires :  |b Norma,  |c 2009. 
300 |a 160 p. ;  |c 21 cm. 
490 1 |a Zona Libre 
520 |a Desde chico Esper había aprendido a no hacerse notar. Muchas veces le había confesado al hombre de los pies-murciélago que él era un camaleón. Sobre todo en la escuela. Sin embargo, lo veían. Porque querían verlo. Lo buscaban. Una novela que presenta la violencia y el acoso entre los propios compañeros de escuela. 
020 |a 9789875455634 
100 1 |a Siemens, Sandra,  |d 2009. 
082 0 4 |a A863.4 
653 |a Literatura juvenil 
653 |a Literatura argentina 
653 |a Novela 
859 |a CEMS  |b BIB. CEMS - Agricultura  |h A863.4  |i Si159  |p A4039.26  |t Ej.1